| 000 | 00890nac a22002171u 4500 | ||
|---|---|---|---|
| 020 | _a0132214385 : | ||
| 082 |
_a658.4038 _bMIL |
||
| 090 |
_c8641 _d8641 |
||
| 100 | _aMiller, M. Lisa. | ||
| 245 | 1 | 0 |
_aMis cases : decision making with application software / _bdecision making with application software / _cM. Lisa Miller. |
| 250 | _a3rd ed. | ||
| 260 |
_aUpper Saddle River, N.J. : _bPearson-Prentice Hall,2007. _cc2007. |
||
| 300 |
_axi, 385 p. : _bill. ; _c28 cm. |
||
| 500 | _aDistributer: Bacca | ||
| 511 | _aCatalogued by: Sara | ||
| 650 | 0 |
_aManagement information systems _xDecision making. |
|
| 650 | 0 |
_aDecision making _xComputer programs. |
|
| 650 | 0 |
_aManagement information systems _vCase studies. |
|
| 942 |
_cBB _k658.4038MIL |
||
| 999 |
_c8641 _d8641 |
||